1478 1926 1066 1492 1878 1869 1536 1936 1067 1222 1426 1419 1432 1133 1650 1923 1987 1423 1147 1607 1438 1940 1604 1456 1412 1936 1083 1541 1727 1811 1761 1506 1581 1800 1845 1752 1884 1255 1567 1157 1390 1818 1447 1991 1033 1552 1533 1542 1987 1841 1748 1113 1284 1118 1080 1831 1368 1945 1007 1989 1735 1836 1598 1381 1718 1416 1815 1097 1898 1951 1491 1448 1430 1673 1327 1478 1203 1330 1691 1386 1935 1875 1331 1848 1188 1207 1580 1537 1048 1448 1873 1438 1240 1877 1480 1339 1065 1163 1186 BCNSPRNW ULIB Ver.6.0+V

เปลี่ยนเป็นภาษาไทย

Change to English
 แสดงรายละเอียดบรรณานุกรม
  กลับหน้าหลัก

Brief Record : Get Marc (ISO 2709) : E-mail record : QR code < ปิดหน้าต่าง
LEADER : 00000nam 2200000uu 4500
001    13399114338
003     ULIB
008    120322s2553||||th 000 0 tha d
020    ^a9786169059103
090    ^aนว.^bก531ร
100 0  ^aการะเกตุ
245 00 ^aร้อนไฟรัก/^cการะเกตุ
250    ^aพิมพ์ครั้งที่ 1
260    ^aกรุงเทพฯ :^bมายเลิฟ,^c2553
300    ^a288 หน้า
710 1  ^aมายเลิฟ
945    ^p240^l0^i16660
995    ^aกัณชพร
999    ^aใช้งานได้ทุกระบบ
รายการนี้ยังไม่มีแท็ก
คุณยังไม่ได้ล็อกอิน คุณสามารถมีกิจกรรมร่วมกับเว็บไซต์ได้ แต่ต้องล็อกอินก่อน ::
  ล็อกอิน

รายการสื่อสารสนเทศ

ลำดับที่ ประเภท เลขเรียก/บาร์โค้ด สถานที่ สถานะ
1. นวนิยาย
นวนิยาย
นว. ก531ร  
  Barcode: 16660
ห้องสมุดวิทยาเขตสวรรค์ประชารักษ์
►นวนิยาย
ถูกยืม กำหนดส่งวันที่ 16 ธันวาคม 2559
  จอง

BibComment


ยังไม่เคยถูกคอมเมนท์

คอมเมนท์ทรัพยากรรายการนี้
  คอมเมนท์: ร้อนไฟรัก การะเกตุ


 Copyright 2026. Bcnsprnw @Library